000
00302nam a22001337a 4500
008
171019b xxu||||| |||| 00| 0 eng d
020
_a
9780073529776
041
_a
eng
080
_2
12TH
_a
338
100
_a
53
101
_a
MEN
245
_a
MANAGEMENT OF A SALES FORCE
_c
SPIRO,R.L
942
_2
udc
_c
BK
999
_c
34958
_d
34958